000 00357nam a2200145Ia 4500
003 LK-CoDNM
008 010623t xxu||||| |||| 00| 1 sin d
040 _aLK-CoDNM
_dLK-CoDNM
_eLK-CoDNM
041 _asin
080 _a32
_bJAN
245 _aජනතා ප්‍ර‍ගතීය
246 _aJanatha Pragathiya
300 _b30p.;24 cm cm
942 _cBK
999 _c138201
_d138201